00734 2200193 4500001002100000005001500021035002000036245005300056250001000109300003200119260003000151082001100181084001500192020002200207520023600229008004100465990001700506990001700523INLIS00000000000003820210201090256 a0010-0221000011 aPASTI BISA Belajar Sendiri Microsoft Windows 8.1 acet.1 a202hal. :bilus. ;c14x21cm aYogyakarta :bANDI,c2014 a005.26 a005.26 PAS a978-979-29-5007-6 aPASTI BISA Belajar Sendiri Microsoft Windows 8.1 ini merupakan buku pendamping belajar yang mudah untuk dipelajari. Buku ini ditujukan untuk pemula yang ingin menggunakan Windows 8.1 secara praktis dan dapat menguasai dengan cepat.210201 0  a002201900038 a002201900039